000 00679nam a2200289Ia 4500
005 20260324150435.0
008 008 260324s9999 xx 000 0 eng d
020 _a9780429029332
037 _aEBOOK
040 _aCRL
040 _beng
040 _cCRL
041 _2eng
041 _aeng
084 _qCRL
100 _aFrank F Rosenblatt
_91226423
245 4 _aThe Chartist Movement
245 0 _bIn its Social and Economic Aspects
260 _bTaylor and Francis
260 _c1967
365 _a
365 _b170
856 _uhttp://www.taylorfrancis.com/books/9780429029332
942 _cEBOOK
999 _c1835876
_d1835876